Anne of windy poplars (Record no. 9091)

MARC details
000 -LEADER
fixed length control field 00918nam a22002177a 4500
003 - CONTROL NUMBER IDENTIFIER
control field OSt
005 - DATE AND TIME OF LATEST TRANSACTION
control field 20260313021148.0
008 - FIXED-LENGTH DATA ELEMENTS--GENERAL INFORMATION
fixed length control field 260313b |||||||| |||| 00| 0 eng d
020 ## - INTERNATIONAL STANDARD BOOK NUMBER
International Standard Book Number 0-553-21316-4
040 ## - CATALOGING SOURCE
Original cataloging agency DWCL GS lib
Transcribing agency OC
082 ## - DEWEY DECIMAL CLASSIFICATION NUMBER
Classification number M767a 1998
100 ## - MAIN ENTRY--PERSONAL NAME
Personal name MONTGOMERY, L.M.
245 ## - TITLE STATEMENT
Title Anne of windy poplars
Statement of responsibility, etc. L.M. MONTGOMERY
260 ## - PUBLICATION, DISTRIBUTION, ETC.
Place of publication, distribution, etc. New York
Name of publisher, distributor, etc. Bantam Books
Date of publication, distribution, etc. 1998
300 ## - PHYSICAL DESCRIPTION
Extent 258 p
Dimensions 17 cm
520 ## - SUMMARY, ETC.
Summary, etc. follows Anne Shirley during a three-year engagement separation from Gilbert Blythe as she works as the principal of Summerside High School.
650 ## - SUBJECT ADDED ENTRY--TOPICAL TERM
Topical term or geographic name entry element Summerside High School while her fiancé, Gilbert Blythe, completes medical schoo
650 ## - SUBJECT ADDED ENTRY--TOPICAL TERM
Topical term or geographic name entry element maintaining optimism and kindness in the face of adversity, the power of transforming one's environment through imagination, and the importance of empathy in connecting with others.
700 ## - ADDED ENTRY--PERSONAL NAME
Personal name L.M. MONTGOMERY
942 ## - ADDED ENTRY ELEMENTS (KOHA)
Source of classification or shelving scheme Dewey Decimal Classification
Koha item type Fiction
Suppress in OPAC No

No items available.